Plats avec de la Tomate - Mort Subite - Statistiques

Statistiques générales
  • Ce quiz a été pris 643 fois
  • Le résultat moyen est 6 sur 16
Answers on the Grid
Answers color-coded by a green-red scale on the quiz's grid according to % correct below.
Tomates farcies
Penne alla vodka
Penne all'arrabbiata
Lasagnes à la bolognaise
Pizza Margherita
Riz jollof du Nigeria
Pappa al pomodoro
Gaspacho
Salade caprese
BLT
Veau Marengo
Shakshouka
Harira
Gibelotte de Sorel
Ratatouille
Moules à la provençale
Rosolli
Wurstsalat
Spaghetti alla carbonara
Fish and brewis
Poulet piccata
Salade César
Fettuccine Alfredo
Rigatoni au pesto
Bacalhau com natas
Carciofi alla romana
Gratin dauphinois
Moules marinières
 
Statistiques - réponses
Réponse % Correct
Pizza Margherita
76%
Ratatouille
74%
Tomates farcies
74%
Lasagnes à la bolognaise
73%
Gaspacho
71%
Penne all'arrabbiata
47%
Pappa al pomodoro
41%
Moules à la provençale
36%
Shakshouka
32%
Penne alla vodka
24%
Salade caprese
23%
Harira
17%
Veau Marengo
17%
Riz jollof du Nigeria
14%
BLT
12%
Gibelotte de Sorel
3%
Aucun quiz correspondant
Distribution des résultats
% des personnes avec chaque résultat
Percentile par nombre de réponses
Votre historique - résultats
Vous n’avez pas pris ce quiz